Laboratório portátil de físíca 2º grau (Record no. 61707)

MARC details
000 -LÍDER
campo de controle de tamanho fixo 00359 a2200145 4500
001 - NÚMERO DE CONTROLE
campo de controle 61707
020 ## - ISBN - INTERNATIONAL STANDARD BOOK NUMBER
ISBN - International Standard Book Number
040 ## - FONTE DA CATALOGAÇÃO
Instituição que transcreveu o registro Anchieta - Pituba
100 ## - ENTRADA PRINCIPAL--NOME PESSOAL
Nome pessoal Almeida, Maria José P. M. de
240 10 - TÍTULO UNIFORME
Título uniforme Laboratório portátil de físíca 2º grau
Idioma da obra por
245 10 - TÍTULO
Título Laboratório portátil de físíca 2º grau
300 ## - DESCRIÇÃO FÍSICA
Extensão 165
650 #4 - ASSUNTO--TERMO TÓPICO
Cabeçalho tópico ou nome geográfico Física
942 ## - ELEMENTOS DE ENTRADA ADICIONADOS (KOHA)
Tipo de material Koha Livros
Holdings
Situação do descarte Situação das perdas Situação física Não pode ser emprestado Biblioteca de origem Biblioteca atual Data de aquisição Total de empréstimos Número de chamada completo Código de barras Data de último acesso Data do preço efetivo Tipo de material Koha
        Colégio Anchieta - Pituba Colégio Anchieta - Pituba 21/11/2023   530 L123l LAB 13873/PIT 21/11/2023 21/11/2023 Livros